Danish Literature, 1955 / (Record no. 148201)

MARC details
000 -LEADER
campo de control de longitud fija 00617nam a2200181 4500
001 - NÚMERO DE CONTROL
campo de control 148201
003 - IDENTIFICADOR DE NÚMERO DE CONTROL
campo de control ES-MaACL
005 - FECHA Y HORA DE LA ÚLTIMA TRANSACCIÓN
campo de control 20230906202505.0
007 - CAMPO FIJO DE DESCRIPCIÓN FÍSICA--INFORMACIÓN GENERAL
campo de control de longitud fija t|
008 - DATOS DE LONGITUD FIJA--INFORMACIÓN GENERAL
campo de control de longitud fija 070214s1957 dk r ||||1| eng d
100 1# - ENTRADA PRINCIPAL--NOMBRE DE PERSONA
Nombre de persona Stangerup, Hakon.
9 (RLIN) 107895
245 10 - MENCIÓN DEL TÍTULO
Título Danish Literature, 1955 /
Mención de responsabilidad, etc. Hakon Stangerup ; translated by Ronald Harry Bathgate.
260 ## - PUBLICACIÓN, DISTRIBUCIÓN, ETC.
Lugar de publicación, distribución, etc. Kobenhvn :
Nombre del editor, distribuidor, etc. Committee for Danish Cultural Activities Abrcad,
Fecha de publicación, distribución, etc. 1957.
300 ## - DESCRIPCIÓN FÍSICA
Extensión 30 p. ;
Dimensiones 20 cm.
700 1# - ENTRADA AGREGADA--NOMBRE PERSONAL
Nombre de persona Bathgate, Ronald Harry.
9 (RLIN) 26421
710 2# - ENTRADA AGREGADA--NOMBRE DE ENTIDAD CORPORATIVA
Nombre de entidad corporativa o nombre de jurisdicción como elemento de entrada Committee for Danish Cultural Activities Abrcad.
9 (RLIN) 3107
852 ## - LOCALIZACIÓN
Ubicación ES-MaACL
Número de control de estantería 2017-F-8
Sublocalización o colección R.40337
Holdings
Estatus retirado Estado de pérdida Estado de daño No para préstamo Colección Biblioteca de origen Biblioteca actual Ubicación en estantería Fecha de adquisición Fuente de adquisición Total de préstamos Signatura topográfica completa Código de barras Visto por última vez Precio de reemplazo Tipo de ítem Koha
        Colección de folletos Biblioteca del Ateneo de Madrid Biblioteca del Ateneo de Madrid Depósito folletos 17/01/2008     2017-F-8 1154663 23/02/2023 23/02/2023 Folleto